<?xml version="1.0" encoding="UTF-8"?><?xml-stylesheet type="text/xsl" href="static/style.xsl"?><OAI-PMH xmlns="http://www.openarchives.org/OAI/2.0/" xmlns:xsi="http://www.w3.org/2001/XMLSchema-instance" xsi:schemaLocation="http://www.openarchives.org/OAI/2.0/ http://www.openarchives.org/OAI/2.0/OAI-PMH.xsd"><responseDate>2026-04-13T02:09:04Z</responseDate><request verb="GetRecord" identifier="oai:www.recercat.cat:2117/386422" metadataPrefix="marc">https://recercat.cat/oai/request</request><GetRecord><record><header><identifier>oai:recercat.cat:2117/386422</identifier><datestamp>2025-07-22T17:08:51Z</datestamp><setSpec>com_2072_1033</setSpec><setSpec>col_2072_452951</setSpec></header><metadata><record xmlns="http://www.loc.gov/MARC21/slim" xmlns:dcterms="http://purl.org/dc/terms/" xmlns:xsi="http://www.w3.org/2001/XMLSchema-instance" xmlns:doc="http://www.lyncode.com/xoai" xsi:schemaLocation="http://www.loc.gov/MARC21/slim http://www.loc.gov/standards/marcxml/schema/MARC21slim.xsd">
   <leader>00925njm 22002777a 4500</leader>
   <datafield ind2=" " ind1=" " tag="042">
      <subfield code="a">dc</subfield>
   </datafield>
   <datafield ind2=" " ind1=" " tag="720">
      <subfield code="a">Bock Montero, Marina</subfield>
      <subfield code="e">author</subfield>
   </datafield>
   <datafield ind2=" " ind1=" " tag="260">
      <subfield code="c">2007-07-01</subfield>
   </datafield>
   <datafield ind2=" " ind1=" " tag="520">
      <subfield code="a">En la construcción de estructuras metálicas, se utilizan frecuentemente vigas con grandes luces&#xd;
y sometidas a importantes esfuerzos. Para que estas vigas cumplan con los criterios de&#xd;
deformabilidad y resistencia, se requieren unos perfiles laminados inexistentes en el mercado. Es&#xd;
por ello que en muchos casos se opta por una solución tipo viga armada (soldadura de la chapa&#xd;
del alma y las dos alas).&#xd;
Tras la invención de los aceros de alto límite elástico, se planteó combinar el acero convencional&#xd;
con este acero característico. Como el momento flector tiene un efecto más dañino, se optó por&#xd;
utilizar el acero de alto límite elástico en las alas (que son las que lo resisten). En cambio, el&#xd;
alma se dotó con un acero convencional o de menor límite elástico que las alas.&#xd;
A esta configuración se la denominó viga armada híbrida que, además de ser capaz de&#xd;
satisfacer los criterios de deformación y resistencia, tiene la característica de proporcionar un&#xd;
dimensionamiento óptimo. Esto conlleva un resultado de menor coste que los dos anteriores&#xd;
(viga armada homogénea y viga armada de alto límite elástico).&#xd;
El objetivo de este trabajo es recopilar de la literatura las vigas armadas híbridas. Aplicar la&#xd;
formulación del Eurocódigo y realizar un estudio estadístico para valorar los resultados&#xd;
obtenidos.</subfield>
   </datafield>
   <datafield tag="653" ind2=" " ind1=" ">
      <subfield code="a">Àrees temàtiques de la UPC::Enginyeria civil::Materials i estructures</subfield>
   </datafield>
   <datafield tag="653" ind2=" " ind1=" ">
      <subfield code="a">Girders--Testing</subfield>
   </datafield>
   <datafield tag="653" ind2=" " ind1=" ">
      <subfield code="a">Bigues--Proves</subfield>
   </datafield>
   <datafield ind2="0" ind1="0" tag="245">
      <subfield code="a">Estudio estadístico del comportamiento de vigas híbridas sometidas a cargas puntuales</subfield>
   </datafield>
</record></metadata></record></GetRecord></OAI-PMH>